000 02106cam a22004694i 4500
003 PE-LiUPU
005 20250731172938.0
008 150623s r 000 0 d
020 _a0385004729
035 _a(Sirsi) i9780385004725
040 _aPE-LiUPU
_bspa
_cPE-LiUPU
_erda
049 _aPRUA
082 0 4 _a220.7
_bAB1971
_221
100 1 _aMoore, Carey A.,
_eautor.
245 1 0 _aEsther :
_bintroduction, translation, and notes.
_n7B /
_cCarey A. Moore.
264 1 _aNew York :
_bDoubleday,
_c1971.
300 _a117 páginas ;
_c24 centímetros
336 _atext
_2rdacontent
337 _aunmediated
_2rdamedia
338 _avolume
_2rdacarrier
490 0 _aThe Anchor Bible ;
_v7B
504 _aIncluye bibliografía.
505 0 _aIntroduction. -Queen Vashti is deposed (i 1-22). -ESther is chosen queen (ii 1-18). -Mordecai foils a plot against the king (ii 19-23). -Haman plans the destruction of all the Jews (iii 1-15). -Esther agrees to go unsummoned to the king (iv 1-17). -Esther lays a trap for haman (v 1-8). -Haman resolves to hang mordecai (v 9-14). -Mordecai is finally rewarded (vi 1-13). -Haman is unmasked and executed (vi 14 - vii 10). -The king begings to undo the evil of haman (viii 1-17). -The jews are victorious over their enemies (ix 1-19). -How purim became an established festival (ix 20-32). -The conclusion of the book of Esther (x 1-3). -Apendixes.
526 _aSEG42
526 _aSEG41
526 _aSEG40
526 _aSEG39
526 _aP94
526 _aP87
526 _aP86
526 _aP85
526 _aP77
526 _aP76
526 _aP35
630 _aBiblia.
_pA.T.
_pEsther
_xComentarios.
942 _2ddc
_cBOOK
949 _a220.7 AB 7B 1971
_wDEWEY
_c1
_i44447
_lCCODEBUL1
_mBUL
_r0
_sY
_tBOOK
_u2015-6-24
_xTEOLOGIA
_PP35
_0COMPRA
_o.STAFF. Colección General
994 _aC0
_bPEPRU
596 _a1
999 _a220.7 AB 7B 1971
_wDEWEY
_c21325
_i44447
_f2021-11-9
_g5
_lCCODEBUL1
_mBUL
_r0
_sY
_tBOOK
_u2015-6-24
_xTEOLOGIA
_PP35
_0COMPRA
_o.STAFF. Colección General
_d21325
980 _81
_gALBERTO SANCHEZ Responsable de Automatización